01823cam a22003614i 4500003000900000005001700009008004100026035001900067040003300086082001900119245014500138264004400283300005200327336002100379337002500400338002300425505074100448526000901189526000901198526000901207526000901216526000901225526000901234526000801243526000801251526000801259526000801267526000801275526000801283650010101291700003101392700003801423PE-LiUPU20250731184558.0150706s2010 pe r 000 0 d a(Sirsi) a49539 aPE-LiUPUbspacPE-LiUPUerda04a985.122bD22101aPlan de manejo participativo del Páramo del sector Espíndola de la comunidad Campesina de Samanga, Ayabaca, Piura /cGabriela López S. 1aLima :bSupergráfica E.I.R.L.,c2010. a49 páginas :bilustraciones a color ;c19 cm. atext2rdacontent aunmediated2rdamedia avolume2rdacarrier0 aAspectos generales -- ¿Por qué un PMP? -- El marco del PMP -- Población participante y roles -- Metodología -- Etapas o pasos del plan de manejo participativo -- El plan de manejo participativo - PMP -- Participantes -- Algunos conceptos -- El plan de manejo participativo -- Visión de futuro -- Misión -- El diagnóstico socio-ecológico (DSE) y el análisis de amenazas -- Objetivo del PMP -- Metas o componentes del PMP del sector Espínola -- Estrategias ¿cómo se va a alcanzar los objetivos del PMP? -- Programación general de proyectos y acciones -- El plan de monitoreo y evaluación -- Zonificación -- Compartiendo los avances del Plan de manejo -- A nivel provincial -- A nivel regional -- Para terminar. aP136 aP135 aP134 aP133 aP144 aP143 aP87 aP35 aP20 aP14 aP10 aP0604aSamanga, comunidad de [Ayabaca, Piu. (Perú : Provincia)]xDesarrollo comunalvPlanificación.1 aLópez S., Gabriela,eed.1 aZúñiga Loayza, Carla,ecolab.